000 02268nam a22003377a 4500
005 20090825120337.0
008 090728t xxu||||| |||| 00| 0 pun d
010 _aPUN-6518 B-425795-799
020 _c250.00
_a9789350171615
035 _aPN-5636 B-425795-799
037 _bDBAD / PUB
037 _bk.k.publications(vendor)
040 _adpl
_bpn
082 _a
100 _924414
_aਨਰਿੰਦਰਪਾਲ ਸਿੰਘ ਕੋਮਲ
245 _aਪਿੰਡ ਦੀ ਮੋਤ /
_cਨਰਿੰਦਰਪਾਲ ਸਿੰਘ ਕੋਮਲ
246 _aPind de maut
_bby Narinderpal Singh komal
260 _aਚੰਡੀਗਡ਼
_bਲੋਕਗੀਤ ਪ੍ਰਕਾਸ਼ਨ
_c2010
270 _as.c.o-26-27, Sector-34-A,
_bਚੰਡੀਗਡ਼
_e160022
_k01624-682954, 09781534406
300 4 _a216 ਸਫੇ
_c22 ਸੇਮੀ (ਸਜਿਲੱਦ)
650 _924412
_aਓਪਨਿਯਾਸ
650 _aNovel
_924431
942 _2ddc
_cPN
_h
_mਨਰਿੰਦ
999 _c48897
_d48897